| 000 | 00484cam a22001574a 4500 | ||
|---|---|---|---|
| 020 | _a9781591810841 | ||
| 040 | _cDLC | ||
| 082 | 0 | 0 | _a371 SRN 2009 C152 Or. |
| 100 | 1 | _aPosner, Fredric, | |
| 245 | 1 | 0 |
_aLives of passion, school of hope : _bhow one public school ignites a lifelong love of learning / |
| 260 |
_aBoulder, CO : _bSentient Publications, _cc2009. |
||
| 300 |
_a246 p. : _bill. _c23 cm. |
||
| 650 | 0 | _aAlternative schools | |
| 650 | 0 | _aHigh school students | |
| 942 | _cAEDBB | ||
| 999 |
_c18782 _d18782 |
||